Historia contemporánea de Chile.
Gorde:
| Egile nagusia: | |
|---|---|
| Beste egile batzuk: | , , , , |
| Formatua: | Liburua |
| Hizkuntza: | gaztelania |
| Argitaratua: |
Santiago, Chile:
LOM Ediciones,
1999-2002.
|
| Edizioa: | Primera edición. |
| Saila: | Historia.
|
| Gaiak: | |
| Etiketak: |
Etiketa erantsi
Etiketarik gabe, Izan zaitez lehena erregistro honi etiketa jartzen!
|
MARC
| LEADER | 00000cam a2200000 a 4500 | ||
|---|---|---|---|
| 001 | UCP3950 | ||
| 003 | CL-VaPUC | ||
| 005 | 20250505164443.0 | ||
| 008 | 990709k19992002CL |||||||||||||||||spa|d | ||
| 999 | |c 282061 |d 282059 | ||
| 020 | |a 956-282-172-2 (o.c) | ||
| 020 | |a 956-282-173-0 (v.I) | ||
| 020 | |a 956-282-174-9 (v.II) | ||
| 020 | |a 956-282-500-0 (v.III) | ||
| 020 | |a 956-282-501-9 (v.IV) | ||
| 020 | |a 956-282-502-7 (v.V) | ||
| 040 | |c Pontificia Universidad Católica de Valparaíso | ||
| 082 | 0 | 4 | |a 983 SAL 1999 (v.I-II) |a 983 SAL 2002 (v.III- v.V) |2 21 |
| 100 | |a Salazar Vergara, Gabriel Segundo |e autor |9 621733 | ||
| 245 | 1 | 0 | |a Historia contemporánea de Chile. |
| 250 | |a Primera edición. | ||
| 260 | |a Santiago, Chile: |b LOM Ediciones, |c 1999-2002. | ||
| 300 | |a 5 volúmenes. | ||
| 490 | 0 | |a Historia. | |
| 505 | |a v.I. Estado, legitimidad, ciudadanía. v.II. Actores, identidad y movimiento. v.III. La economía: mercados, empresarios y trabajadores. v.IV. Hombría y feminidad: construcción cultural de actores emergentes. v.V . Niñez y juventud: construcción cultural de actores emergentes | ||
| 583 | |a last modification |c 20130701 02:23:53 |k Rodrigo Vera | ||
| 650 | 0 | |a Ciudadanía |y Siglos 19-20 |9 258339 |z Chile | |
| 650 | 0 | |a Partidos políticos |x Historia Política |z Chile |9 254999 | |
| 651 | |a Chile |x Historia contemporánea |9 886209 | ||
| 700 | |a Pinto Vallejos, Julio |e autor |9 486822 | ||
| 700 | |a Mancilla, Arturo |e autor |9 494120 | ||
| 700 | 0 | |a Durán, Carlos |e autor |9 431354 | |
| 700 | 0 | |a Candina P., Azun |e autor |9 431355 | |
| 700 | |a Lira Castro, Robinson Hernán |e autor |9 602420 | ||
| 852 | |a BIBCUR | ||
| 942 | |c BK |2 ddc | ||
| 945 | |d 19990709 00:00:00 |a vberengu | ||
| 952 | |0 0 |1 0 |2 ddc |4 0 |6 983_000000000000000_SAL_1999 |7 0 |8 A |9 323369 |a BIBHIS |b BIBHIS |d 2019-11-20 |h v.I |i 3536548 |l 2 |o 983 SAL 1999 |p 3536548 |r 2025-01-20 |s 2024-07-26 |t 4 |w 2019-11-20 |y BK |k HIS | ||
| 952 | |0 0 |1 0 |2 ddc |4 0 |6 983_000000000000000_SAL_1999 |7 0 |8 A |9 323370 |a BIBHIS |b BIBHIS |d 2019-11-20 |h v.II |i 3536556 |l 3 |o 983 SAL 1999 |p 3536556 |r 2025-01-20 |s 2024-10-14 |t 5 |w 2019-11-20 |y BK |k HIS | ||
| 952 | |0 0 |1 0 |2 ddc |4 0 |6 983_000000000000000_SAL_1999 |7 0 |8 A |9 323371 |a BIBHIS |b BIBHIS |d 2019-11-20 |h v.I |i 3585867 |l 7 |m 1 |o 983 SAL 1999 |p 3585867 |r 2025-01-20 |s 2024-07-01 |t 5 |w 2019-11-20 |y BK |k HIS | ||
| 952 | |0 0 |1 0 |2 ddc |4 0 |6 983_000000000000000_SAL_1999 |7 0 |8 A |9 323372 |a BIBHIS |b BIBHIS |d 2019-11-20 |h v.II |i 3585875 |l 2 |m 1 |o 983 SAL 1999 |p 3585875 |r 2025-01-20 |s 2022-10-17 |t 6 |w 2019-11-20 |y BK |k HIS | ||
| 952 | |0 0 |1 0 |2 ddc |4 0 |6 983_000000000000000_SAL_1999 |7 0 |8 A |9 323373 |a BIBGIM |b BIBGIM |d 2019-11-20 |h v.II |i 3637956 |o 983 SAL 1999 |p 3637956 |r 2025-01-15 |t 14 |w 2019-11-20 |y BK |k GIM | ||
| 952 | |0 0 |1 0 |2 ddc |4 0 |6 983_000000000000000_SAL_1999 |7 0 |8 A |9 323374 |a BIBGIM |b BIBGIM |d 2019-11-20 |h v.I |i 3803287 |o 983 SAL 1999 |p 3803287 |r 2025-01-15 |t 12 |w 2019-11-20 |y BK |k GIM | ||
| 952 | |0 0 |1 0 |2 ddc |4 0 |6 983_000000000000000_SAL_1999 |7 0 |8 A |9 323375 |a BIBEDU |b BIBEDU |d 2019-11-20 |h v.II |i 3803295 |o 983 SAL 1999 |p 3803295 |r 2019-11-20 |t 9 |w 2019-11-20 |y BK |k LIT | ||
| 952 | |0 0 |1 0 |2 ddc |4 0 |6 983_000000000000000_SAL_1999 |7 0 |8 A |9 323376 |a BIBCUR |b BIBCUR |d 2019-11-20 |h v.I |i 3803015 |l 1 |o 983 SAL 1999 |p 3803015 |r 2025-04-22 |s 2023-11-24 |t 1 |w 2019-11-20 |y BK |k PER | ||
| 952 | |0 0 |1 0 |2 ddc |4 0 |6 983_000000000000000_SAL_1999 |7 0 |8 A |9 323377 |a BIBCUR |b BIBCUR |d 2019-11-20 |h v.II |i 3803023 |l 1 |o 983 SAL 1999 |p 3803023 |r 2025-04-22 |s 2023-11-24 |t 1 |w 2019-11-20 |y BK |k PER | ||
| 952 | |0 0 |1 0 |2 ddc |4 0 |6 983_000000000000000_SAL_2002 |7 0 |8 A |9 323378 |a BIBGIM |b BIBGIM |d 2019-11-20 |h v.V |i 3895483 |o 983 SAL 2002 |p 3895483 |r 2025-01-15 |t 12 |w 2019-11-20 |y BK |k SSL | ||
| 952 | |0 0 |1 0 |2 ddc |4 0 |6 983_000000000000000_SAL_2002 |7 0 |8 A |9 323379 |a BIBHIS |b BIBHIS |d 2019-11-20 |h v.III |i 3896013 |l 1 |o 983 SAL 2002 |p 3896013 |r 2025-01-20 |s 2022-11-16 |t 4 |w 2019-11-20 |y BK |k HIS | ||
| 952 | |0 0 |1 0 |2 ddc |4 0 |6 983_000000000000000_SAL_2002 |7 0 |8 A |9 323380 |a BIBHIS |b BIBHIS |d 2019-11-20 |h v.IV |i 3896021 |l 1 |o 983 SAL 2002 |p 3896021 |r 2025-01-20 |s 2022-11-16 |t 4 |w 2019-11-20 |y BK |k HIS | ||
| 952 | |0 0 |1 0 |2 ddc |4 0 |6 983_000000000000000_SAL_2002 |7 0 |8 A |9 323381 |a BIBHIS |b BIBHIS |d 2019-11-20 |h v.V |i 389603K |l 4 |o 983 SAL 2002 |p 389603K |r 2025-01-20 |s 2024-07-26 |t 4 |w 2019-11-20 |y BK |k HIS | ||
| 952 | |0 0 |1 0 |2 ddc |4 0 |6 983_000000000000000_SAL_2002 |7 0 |8 A |9 323382 |a BIBHIS |b BIBHIS |d 2019-11-20 |h v.III |i 3911756 |l 7 |m 1 |o 983 SAL 2002 |p 3911756 |r 2025-01-20 |s 2024-10-14 |t 5 |w 2019-11-20 |y BK |k HIS | ||
| 952 | |0 0 |1 0 |2 ddc |4 0 |6 983_000000000000000_SAL_2002 |7 0 |8 A |9 323383 |a BIBHIS |b BIBHIS |d 2019-11-20 |h v.IV |i 3911764 |o 983 SAL 2002 |p 3911764 |r 2025-01-20 |t 5 |w 2019-11-20 |y BK |k HIS | ||
| 952 | |0 0 |1 0 |2 ddc |4 0 |6 983_000000000000000_SAL_2002 |7 0 |8 A |9 323384 |a BIBHIS |b BIBHIS |d 2019-11-20 |h v.V |i 3911772 |o 983 SAL 2002 |p 3911772 |r 2025-01-20 |t 5 |w 2019-11-20 |y BK |k HIS | ||
| 952 | |0 0 |1 0 |2 ddc |4 0 |6 983_000000000000000_SAL_1999 |7 0 |8 A |9 323385 |a BIBCUR |b BIBCUR |d 2019-11-20 |h v.I |i 4003993 |l 1 |o 983 SAL 1999 |p 4003993 |r 2025-04-22 |s 2023-11-24 |t 2 |w 2019-11-20 |y BK |k PER | ||
| 952 | |0 0 |1 0 |2 ddc |4 0 |6 983_000000000000000_SAL_1999 |7 0 |8 A |9 323386 |a BIBCUR |b BIBCUR |d 2019-11-20 |h v.II |i 4004000 |l 1 |o 983 SAL 1999 |p 4004000 |r 2025-04-22 |s 2023-11-24 |t 2 |w 2019-11-20 |y BK |k PER | ||
| 952 | |0 0 |1 0 |2 ddc |4 0 |6 983_000000000000000_SAL_2002 |7 0 |8 A |9 323387 |a BIBCUR |b BIBCUR |d 2019-11-20 |h v.III |i 4004019 |l 1 |o 983 SAL 2002 |p 4004019 |r 2025-04-22 |s 2023-11-24 |t 1 |w 2019-11-20 |y BK |k PER | ||
| 952 | |0 0 |1 0 |2 ddc |4 0 |6 983_000000000000000_SAL_2002 |7 0 |8 A |9 323388 |a BIBCUR |b BIBCUR |d 2019-11-20 |h v.IV |i 4004027 |l 1 |o 983 SAL 2002 |p 4004027 |r 2025-04-22 |s 2023-11-24 |t 1 |w 2019-11-20 |y BK |k PER | ||
| 952 | |0 0 |1 0 |2 ddc |4 0 |6 983_000000000000000_SAL_2002 |7 0 |8 A |9 323389 |a BIBCUR |b BIBCUR |d 2019-11-20 |h v.V |i 4004035 |l 1 |o 983 SAL 2002 |p 4004035 |r 2025-04-22 |s 2023-11-24 |t 1 |w 2019-11-20 |y BK |k PER | ||
| 952 | |0 0 |1 2 |4 0 |6 983_000000000000000_SAL_2002 |7 0 |8 A |9 323390 |a BIBTEO |b BIBTEO |d 2019-11-20 |h v.IV |i 3961826 |o 983 SAL 2002 |p 3961826 |r 2019-11-20 |w 2019-11-20 |y BK |k ICR | ||
| 952 | |0 0 |1 0 |2 ddc |4 0 |6 983_000000000000000_SAL_2002 |7 0 |8 A |9 323391 |a BIBGIM |b BIBGIM |d 2019-11-20 |h v.III |i 4089138 |o 983 SAL 2002 |p 4089138 |r 2025-01-15 |t 12 |w 2019-11-20 |y BK |k SSL | ||
| 952 | |0 0 |1 0 |2 ddc |4 0 |6 983_000000000000000_SAL_2002 |7 0 |8 A |9 323392 |a BIBGIM |b BIBGIM |d 2019-11-20 |h v.V |i 4201191 |o 983 SAL 2002 |p 4201191 |r 2025-01-15 |t 13 |w 2019-11-20 |y BK |k SSL | ||
| 952 | |0 0 |1 0 |2 ddc |4 0 |6 983_000000000000000_SAL_1999 |7 0 |8 A |9 323393 |a BIBCUR |b BIBCUR |d 2019-11-20 |h v.II |i 4475135 |l 2 |o 983 SAL 1999 |p 4475135 |r 2025-04-22 |s 2024-09-10 |t 3 |w 2019-11-20 |y BK |k PER | ||
| 952 | |0 0 |1 0 |2 ddc |4 0 |6 983_000000000000000_SAL_2002 |7 0 |8 A |9 323394 |a BIBCUR |b BIBCUR |d 2019-11-20 |h v.III |i 4475143 |l 1 |o 983 SAL 2002 |p 4475143 |r 2025-04-22 |s 2023-11-24 |t 2 |w 2019-11-20 |y BK |k PER | ||
| 952 | |0 0 |1 0 |2 ddc |4 0 |6 983_000000000000000_SAL_2002 |7 0 |8 A |9 323395 |a BIBCUR |b BIBCUR |d 2019-11-20 |h v.V |i 4475151 |l 1 |o 983 SAL 2002 |p 4475151 |r 2025-04-22 |s 2023-11-24 |t 2 |w 2019-11-20 |y BK |k PER | ||
| 952 | |0 0 |1 0 |2 ddc |4 0 |6 983_000000000000000_SAL_1999 |7 0 |8 X |9 323396 |a FDOBUD |b FDOBUD |d 2019-11-20 |h v.1 |i 4578163 |o 983 SAL 1999 |p 4578163 |r 2019-11-20 |t 7 |w 2019-11-20 |y BK_X |k BUD | ||
| 952 | |0 0 |1 0 |2 ddc |4 0 |6 983_000000000000000_SAL_1999 |7 0 |8 X |9 323397 |a FDOBUD |b FDOBUD |d 2019-11-20 |h v.2 |i 4578171 |o 983 SAL 1999 |p 4578171 |r 2019-11-20 |t 8 |w 2019-11-20 |y BK_X |k BUD | ||
| 952 | |0 0 |1 0 |2 ddc |4 0 |6 983_000000000000000_SAL_2002 |7 0 |8 X |9 323398 |a FDOBUD |b FDOBUD |d 2019-11-20 |h v.III |i 457818K |o 983 SAL 2002 |p 457818K |r 2019-11-20 |t 7 |w 2019-11-20 |y BK_X |k BUD | ||
| 952 | |0 0 |1 0 |2 ddc |4 0 |6 983_000000000000000_SAL_2002 |7 0 |8 X |9 323399 |a FDOBUD |b FDOBUD |d 2019-11-20 |h v.IV |i 4578198 |o 983 SAL 2002 |p 4578198 |r 2019-11-20 |t 7 |w 2019-11-20 |y BK_X |k BUD | ||
| 952 | |0 0 |1 0 |2 ddc |4 0 |6 983_000000000000000_SAL_2002 |7 0 |8 X |9 323400 |a FDOBUD |b FDOBUD |d 2019-11-20 |h v.V |i 4578201 |o 983 SAL 2002 |p 4578201 |r 2019-11-20 |t 7 |w 2019-11-20 |y BK_X |k BUD | ||
| 952 | |0 0 |1 0 |2 ddc |4 0 |6 983_000000000000000_SAL_2002 |7 0 |8 A |9 323401 |a BIBCUR |b BIBCUR |d 2019-11-20 |h v.IV |i 4579496 |l 1 |o 983 SAL 2002 |p 4579496 |r 2025-04-22 |s 2023-11-24 |t 2 |w 2019-11-20 |y BK |k PER | ||
| 952 | |0 0 |1 0 |2 ddc |4 0 |6 983_000000000000000_SAL_1999 |7 0 |8 A |9 323404 |a BIBCUR |b BIBCUR |d 2019-11-20 |h v.I |i 475994K |l 2 |o 983 SAL 1999 |p 475994K |r 2025-04-22 |s 2024-09-10 |t 3 |w 2019-11-20 |y BK |k PER | ||
| 952 | |0 0 |1 0 |2 ddc |4 0 |6 983_000000000000000_SAL_1999 |7 0 |8 A |9 323405 |a BIBCUR |b BIBCUR |d 2019-11-20 |h v.II |i 4759958 |l 1 |o 983 SAL 1999 |p 4759958 |r 2025-04-22 |s 2023-11-24 |t 4 |w 2019-11-20 |y BK |k PER | ||
| 952 | |0 0 |1 0 |2 ddc |4 0 |6 983_000000000000000_SAL_2002 |7 0 |8 A |9 323406 |a BIBCUR |b BIBCUR |d 2019-11-20 |h v.III |i 4759966 |l 2 |o 983 SAL 2002 |p 4759966 |r 2025-04-22 |s 2024-09-10 |t 3 |w 2019-11-20 |y BK |k PER | ||
| 952 | |0 0 |1 0 |2 ddc |4 0 |6 983_000000000000000_SAL_2002 |7 0 |8 A |9 323407 |a BIBCUR |b BIBCUR |d 2019-11-20 |h v.IV |i 4759974 |l 1 |o 983 SAL 2002 |p 4759974 |r 2025-04-22 |s 2023-11-24 |t 3 |w 2019-11-20 |y BK |k PER | ||
| 952 | |0 0 |1 0 |2 ddc |4 0 |6 983_000000000000000_SAL_2002 |7 0 |8 A |9 323408 |a BIBCUR |b BIBCUR |d 2019-11-20 |h v.V |i 4759982 |l 1 |o 983 SAL 2002 |p 4759982 |r 2025-04-22 |s 2023-11-24 |t 3 |w 2019-11-20 |y BK |k PER | ||
| 952 | |0 0 |1 0 |2 ddc |4 0 |6 983_000000000000000_SAL_1999 |7 0 |8 A |9 323409 |a BIBEDU |b BIBEDU |d 2019-11-20 |h v.I |i 4761952 |o 983 SAL 1999 |p 4761952 |r 2019-11-20 |t 8 |w 2019-11-20 |y BK |k EDU | ||
| 952 | |0 0 |1 0 |2 ddc |4 0 |6 983_000000000000000_SAL_1999 |7 0 |8 A |9 323410 |a BIBEDU |b BIBEDU |d 2019-11-20 |h v.II |i 4761960 |o 983 SAL 1999 |p 4761960 |r 2019-11-20 |t 10 |w 2019-11-20 |y BK |k EDU | ||
| 952 | |0 0 |1 0 |2 ddc |4 0 |6 983_000000000000000_SAL_2002 |7 0 |8 A |9 323411 |a BIBEDU |b BIBEDU |d 2019-11-20 |h v.III |i 4761979 |o 983 SAL 2002 |p 4761979 |r 2019-11-20 |t 8 |w 2019-11-20 |y BK |k EDU | ||
| 952 | |0 0 |1 0 |2 ddc |4 0 |6 983_000000000000000_SAL_2002 |7 0 |8 A |9 323412 |a BIBEDU |b BIBEDU |d 2019-11-20 |h v.IV |i 4761987 |o 983 SAL 2002 |p 4761987 |r 2019-11-20 |t 8 |w 2019-11-20 |y BK |k EDU | ||
| 952 | |0 0 |1 0 |2 ddc |4 0 |6 983_000000000000000_SAL_2002 |7 0 |8 A |9 323413 |a BIBEDU |b BIBEDU |d 2019-11-20 |h v.V |i 4761995 |o 983 SAL 2002 |p 4761995 |r 2019-11-20 |t 8 |w 2019-11-20 |y BK |k EDU | ||
| 952 | |0 0 |1 0 |2 ddc |4 0 |6 983_000000000000000_SAL_1999 |7 0 |8 A |9 323414 |a FDOPOS |b FDOPOS |d 2019-11-20 |h v.I |i 4775708 |o 983 SAL 1999 |p 4775708 |r 2025-01-22 |t 6 |w 2019-11-20 |y BK |k MLA | ||
| 952 | |0 0 |1 0 |2 ddc |4 0 |6 983_000000000000000_SAL_1999 |7 0 |8 A |9 323415 |a FDOPOS |b FDOPOS |d 2019-11-20 |h v.II |i 4775716 |o 983 SAL 1999 |p 4775716 |r 2025-01-22 |t 7 |w 2019-11-20 |y BK |k MLA | ||
| 952 | |0 0 |1 0 |2 ddc |4 0 |6 983_000000000000000_SAL_2002 |7 0 |8 A |9 323416 |a FDOPOS |b FDOPOS |d 2019-11-20 |h v.III |i 4775724 |o 983 SAL 2002 |p 4775724 |r 2025-01-22 |t 6 |w 2019-11-20 |y BK |k MLA | ||
| 952 | |0 0 |1 0 |2 ddc |4 0 |6 983_000000000000000_SAL_2002 |7 0 |8 A |9 323417 |a FDOPOS |b FDOPOS |d 2019-11-20 |h v.IV |i 4775732 |o 983 SAL 2002 |p 4775732 |r 2025-01-22 |t 6 |w 2019-11-20 |y BK |k MLA | ||
| 952 | |0 0 |1 0 |2 ddc |4 0 |6 983_000000000000000_SAL_2002 |7 0 |8 A |9 323418 |a FDOPOS |b FDOPOS |d 2019-11-20 |h v.V |i 4775740 |o 983 SAL 2002 |p 4775740 |r 2025-01-22 |t 6 |w 2019-11-20 |y BK |k MLA | ||
| 952 | |0 0 |1 2 |4 0 |6 983_000000000000000_SAL_1999 |7 0 |8 A |9 323424 |a BIBGIM |b BIBGIM |d 2019-11-20 |h v.I |i 4987748 |o 983 SAL 1999 |p 4987748 |r 2019-11-20 |w 2019-11-20 |y BK |k SSL | ||
| 952 | |0 0 |1 0 |2 ddc |4 0 |6 983_000000000000000_SAL_1999 |7 0 |8 A |9 323425 |a BIBGIM |b BIBGIM |d 2019-11-20 |h v.II |i 4987756 |l 1 |o 983 SAL 1999 |p 4987756 |r 2025-01-15 |s 2023-04-04 |t 15 |w 2019-11-20 |y BK |k SSL | ||
| 952 | |0 0 |1 0 |2 ddc |4 0 |6 983_000000000000000_SAL_2002 |7 0 |8 A |9 323426 |a BIBGIM |b BIBGIM |d 2019-11-20 |h v.III |i 4987764 |o 983 SAL 2002 |p 4987764 |r 2025-01-15 |t 13 |w 2019-11-20 |y BK |k SSL | ||
| 952 | |0 0 |1 0 |2 ddc |4 0 |6 983_000000000000000_SAL_2002 |7 0 |8 A |9 323427 |a BIBGIM |b BIBGIM |d 2019-11-20 |h v.IV |i 4987772 |o 983 SAL 2002 |p 4987772 |r 2025-01-15 |t 12 |w 2019-11-20 |y BK |k SSL | ||
| 952 | |0 0 |1 0 |2 ddc |4 0 |6 983_000000000000000_SAL_2002 |7 0 |8 A |9 323428 |a BIBGIM |b BIBGIM |d 2019-11-20 |h v.V |i 4987780 |o 983 SAL 2002 |p 4987780 |r 2025-01-15 |t 14 |w 2019-11-20 |y BK |k SSL | ||
| 952 | |0 0 |1 0 |2 ddc |4 0 |6 983_000000000000000_SAL_1999 |7 0 |8 A |9 323429 |a BIBGIM |b BIBGIM |d 2019-11-20 |h v.I |i 4987799 |o 983 SAL 1999 |p 4987799 |r 2025-01-15 |t 13 |w 2019-11-20 |y BK |k SSL | ||
| 952 | |0 0 |1 2 |4 0 |6 983_000000000000000_SAL_1999 |7 0 |8 A |9 323430 |a BIBGIM |b BIBGIM |d 2019-11-20 |h v.II |i 4987802 |o 983 SAL 1999 |p 4987802 |r 2019-11-20 |w 2019-11-20 |y BK |k SSL | ||
| 952 | |0 0 |1 0 |2 ddc |4 0 |6 983_000000000000000_SAL_2002 |7 0 |8 A |9 323431 |a BIBGIM |b BIBGIM |d 2019-11-20 |h v.III |i 4987810 |o 983 SAL 2002 |p 4987810 |r 2025-01-15 |t 15 |w 2019-11-20 |y BK |k SSL | ||
| 952 | |0 0 |1 0 |2 ddc |4 0 |6 983_000000000000000_SAL_2002 |7 0 |8 A |9 323432 |a BIBGIM |b BIBGIM |d 2019-11-20 |h v.IV |i 4987829 |o 983 SAL 2002 |p 4987829 |r 2025-01-15 |t 13 |w 2019-11-20 |y BK |k SSL | ||
| 952 | |0 0 |1 0 |2 ddc |4 0 |6 983_000000000000000_SAL_2002 |7 0 |8 A |9 323433 |a BIBGIM |b BIBGIM |d 2019-11-20 |h v.V |i 4987837 |l 1 |o 983 SAL 2002 |p 4987837 |r 2025-01-15 |s 2024-04-30 |t 15 |w 2019-11-20 |y BK |k SSL | ||
| 952 | |0 0 |1 0 |2 ddc |3 erb |4 0 |6 983_000000000000000_SAL_2002 |7 0 |8 A |9 323434 |a BIBGIM |b BIBGIM |h v.III |i 5068355 |o 983 SAL 2002 |p 5068355 |r 2025-01-15 |t 14 |w 2019-11-20 |y BK |z Catalogado en:20140409 |k SSL | ||
| 952 | |0 0 |1 0 |2 ddc |3 erb |4 0 |6 983_000000000000000_SAL_2002 |7 0 |8 A |9 323435 |a BIBGIM |b BIBGIM |h v.III |i 5068363 |o 983 SAL 2002 |p 5068363 |r 2025-01-15 |t 16 |w 2019-11-20 |y BK |z Catalogado en:20140409 |k SSL | ||
| 952 | |0 0 |1 0 |2 ddc |3 erb |4 0 |6 983_000000000000000_SAL_2002 |7 0 |8 A |9 323436 |a BIBGIM |b BIBGIM |h v.III |i 5068371 |o 983 SAL 2002 |p 5068371 |r 2025-01-15 |t 19 |w 2019-11-20 |y BK |z Catalogado en:20140409 |k SSL | ||
| 952 | |0 0 |1 0 |2 ddc |3 erb |4 0 |6 983_000000000000000_SAL_2002 |7 0 |8 A |9 323437 |a BIBGIM |b BIBGIM |h v.III |i 506838K |o 983 SAL 2002 |p 506838K |r 2025-01-15 |t 17 |w 2019-11-20 |y BK |z Catalogado en:20140409 |k SSL | ||
| 952 | |0 0 |1 0 |2 ddc |3 erb |4 0 |6 983_000000000000000_SAL_2002 |7 0 |8 A |9 323438 |a BIBGIM |b BIBGIM |h v.III |i 5068398 |o 983 SAL 2002 |p 5068398 |r 2025-01-15 |t 18 |w 2019-11-20 |y BK |z Catalogado en:20140409 |k SSL | ||
| 952 | |0 0 |1 0 |2 ddc |3 erb |4 0 |6 983_000000000000000_SAL_1999 |7 0 |8 A |9 323439 |a BIBEDU |b BIBEDU |h v.I |i 5127718 |l 1 |o 983 SAL 1999 |p 5127718 |r 2022-06-16 |s 2022-06-16 |t 9 |w 2019-11-20 |y BK |z Catalogado en:20141204 |k EBA | ||
| 952 | |0 0 |1 0 |2 ddc |3 erb |4 0 |6 983_000000000000000_SAL_1999 |7 0 |8 A |9 323440 |a BIBEDU |b BIBEDU |h v.I |i 5127769 |o 983 SAL 1999 |p 5127769 |r 2019-11-20 |t 10 |w 2019-11-20 |y BK |z Catalogado en:20141204 |k EBA | ||
| 952 | |0 0 |1 0 |2 ddc |3 erb |4 0 |6 983_000000000000000_SAL_1999 |7 0 |8 A |9 323441 |a BIBEDU |b BIBEDU |h v.I |i 5127815 |l 1 |m 1 |o 983 SAL 1999 |p 5127815 |r 2022-08-30 |s 2022-08-16 |t 11 |w 2019-11-20 |y BK |z Catalogado en:20141204 |k EBA | ||
| 952 | |0 0 |1 0 |2 ddc |3 erb |4 0 |6 983_000000000000000_SAL_1999 |7 0 |8 A |9 323442 |a BIBEDU |b BIBEDU |h v.II |i 5127726 |o 983 SAL 1999 |p 5127726 |r 2019-11-20 |t 11 |w 2019-11-20 |y BK |z Catalogado en:20141204 |k EBA | ||
| 952 | |0 0 |1 0 |2 ddc |3 erb |4 0 |6 983_000000000000000_SAL_1999 |7 0 |8 A |9 323443 |a BIBEDU |b BIBEDU |h v.II |i 5127777 |o 983 SAL 1999 |p 5127777 |r 2019-11-20 |t 12 |w 2019-11-20 |y BK |z Catalogado en:20141204 |k EBA | ||
| 952 | |0 0 |1 0 |2 ddc |3 erb |4 0 |6 983_000000000000000_SAL_1999 |7 0 |8 A |9 323444 |a BIBEDU |b BIBEDU |h v.II |i 5127823 |o 983 SAL 1999 |p 5127823 |r 2019-11-20 |t 13 |w 2019-11-20 |y BK |z Catalogado en:20141204 |k EBA | ||
| 952 | |0 0 |1 0 |2 ddc |3 erb |4 0 |6 983_000000000000000_SAL_2002 |7 0 |8 A |9 323445 |a BIBEDU |b BIBEDU |h v.III |i 5127734 |o 983 SAL 2002 |p 5127734 |r 2019-11-20 |t 9 |w 2019-11-20 |y BK |z Catalogado en:20141204 |k EBA | ||
| 952 | |0 0 |1 0 |2 ddc |3 erb |4 0 |6 983_000000000000000_SAL_2002 |7 0 |8 A |9 323446 |a BIBEDU |b BIBEDU |h v.III |i 5127785 |o 983 SAL 2002 |p 5127785 |r 2019-11-20 |t 10 |w 2019-11-20 |y BK |z Catalogado en:20141204 |k EBA | ||
| 952 | |0 0 |1 0 |2 ddc |3 erb |4 0 |6 983_000000000000000_SAL_2002 |7 0 |8 A |9 323447 |a BIBEDU |b BIBEDU |h v.III |i 5127831 |o 983 SAL 2002 |p 5127831 |r 2019-11-20 |t 11 |w 2019-11-20 |y BK |z Catalogado en:20141204 |k EBA | ||
| 952 | |0 0 |1 0 |2 ddc |3 erb |4 0 |6 983_000000000000000_SAL_2002 |7 0 |8 A |9 323448 |a BIBEDU |b BIBEDU |h v.IV |i 5127742 |o 983 SAL 2002 |p 5127742 |r 2019-11-20 |t 9 |w 2019-11-20 |y BK |z Catalogado en:20141204 |k EBA | ||
| 952 | |0 0 |1 0 |2 ddc |3 erb |4 0 |6 983_000000000000000_SAL_2002 |7 0 |8 A |9 323449 |a BIBEDU |b BIBEDU |h v.IV |i 5127793 |l 1 |o 983 SAL 2002 |p 5127793 |r 2022-09-06 |s 2022-08-30 |t 10 |w 2019-11-20 |y BK |z Catalogado en:20141204 |k EBA | ||
| 952 | |0 0 |1 0 |2 ddc |3 erb |4 0 |6 983_000000000000000_SAL_2002 |7 0 |8 A |9 323450 |a BIBEDU |b BIBEDU |h v.IV |i 512784K |o 983 SAL 2002 |p 512784K |r 2019-11-20 |t 11 |w 2019-11-20 |y BK |z Catalogado en:20141204 |k EBA | ||
| 952 | |0 0 |1 0 |2 ddc |3 erb |4 0 |6 983_000000000000000_SAL_2002 |7 0 |8 A |9 323451 |a BIBEDU |b BIBEDU |h v.V |i 5127750 |o 983 SAL 2002 |p 5127750 |r 2019-11-20 |t 9 |w 2019-11-20 |y BK |z Catalogado en:20141204 |k EBA | ||
| 952 | |0 0 |1 0 |2 ddc |3 erb |4 0 |6 983_000000000000000_SAL_2002 |7 0 |8 A |9 323452 |a BIBEDU |b BIBEDU |h v.V |i 5127807 |o 983 SAL 2002 |p 5127807 |r 2019-11-20 |t 10 |w 2019-11-20 |y BK |z Catalogado en:20141204 |k EBA | ||
| 952 | |0 0 |1 0 |2 ddc |3 erb |4 0 |6 983_000000000000000_SAL_2002 |7 0 |8 A |9 323453 |a BIBEDU |b BIBEDU |h v.V |i 5127858 |o 983 SAL 2002 |p 5127858 |r 2019-11-20 |t 11 |w 2019-11-20 |y BK |z Catalogado en:20141204 |k EBA | ||
| 952 | |0 0 |1 0 |2 ddc |3 erb |4 0 |6 983_000000000000000_SAL_2002 |7 0 |8 A |9 323454 |a FDOHBE |b FDOHBE |e Huesbe Llanos, Marco Antonio, 1934- |h v.III |i 5314445 |o 983 SAL 2002 |p 5314445 |r 2024-01-30 |t 20 |w 2019-11-20 |y BK |z Catalogado en:20160616 |k HBE | ||
| 952 | |0 0 |1 0 |2 ddc |3 erb |4 0 |6 983_000000000000000_SAL_1999 |7 0 |8 A |9 323455 |a FDOHBE |b FDOHBE |e Huesbe Llanos, Marco Antonio, 1934- |h v.II |i 5309638 |o 983 SAL 1999 |p 5309638 |r 2024-01-30 |t 16 |w 2019-11-20 |y BK |z Catalogado en:20160623 |k HBE | ||
| 952 | |0 0 |1 0 |2 ddc |3 erb |4 0 |6 983_000000000000000_SAL_1999 |7 0 |8 A |9 323456 |a FDOHBE |b FDOHBE |e Huesbe Llanos, Marco Antonio, 1934- |h v.II |i 5332516 |o 983 SAL 1999 |p 5332516 |r 2024-01-30 |t 17 |w 2019-11-20 |y BK |z Catalogado en:20160701 |k HBE | ||
| 952 | |0 0 |1 0 |2 ddc |3 erb |4 0 |6 983_000000000000000_SAL_1999 |7 0 |8 A |9 323457 |a FDOHBE |b FDOHBE |e Huesbe Llanos, Marco Antonio, 1934- |h v.I |i 5330041 |o 983 SAL 1999 |p 5330041 |r 2025-01-20 |t 14 |w 2019-11-20 |y BK |z Catalogado en:20160708 |k HBE | ||